Ekonomi Islam : Dasar dan amalan
| Main Author: | |
|---|---|
| Format: | Book |
| Published: |
Kuala Lumpur :
DBP ,
1993
|
| Subjects: |
MARC
| LEADER | 00000cam a2200000 7i4500 | ||
|---|---|---|---|
| 001 | 0000005207 | ||
| 002 | 000005629 | ||
| 005 | 20000330.0 | ||
| 020 | |a 9836233261 | ||
| 090 | 0 | 0 | |a 297.19785 |b SUR |
| 100 | 0 | |a Surtahman Kastin Hasan | |
| 245 | 1 | 0 | |a Ekonomi Islam : |b Dasar dan amalan |c Surtahman Kastin Hasan |
| 260 | |a Kuala Lumpur : |b DBP , |c 1993 | ||
| 300 | |a 220 p. ; |c 22 cm. | ||
| 650 | 0 | 0 | |a Economics |x Religious aspects |x Islam |
| 999 | |a 030418 |b BUKU |c PINJAMAN |e PERPUSTAKAAN KOMUNITI PETALING JAYA | ||